Word Ladder: Dynamic '80s Duo Quiz Stats

 Plays Quiz Updated Sep 5, 2012

Support Sporcle.
Go Orange.
Score 0/22 Timer 02:00
0 Plays Today
4-Letter Word % Correct
GILL
95.1%
DALE
94.8%
DILL
93.5%
DICE
92.6%
DOLE
91.7%
DOLL
90.4%
DONE
90.2%
SLED
89.1%
DON'T
88.7%
FEED
88.6%
FLED
87.7%
4-Letter Word % Correct
DARE
81.9%
RICE
81.8%
FEND
81%
DIRE
79.8%
FOND
79.1%
SHED
79.1%
FONT
74.3%
★GIRL★
48.2%
★GONE★
43.4%
★SHE'S★
42.9%
★RICH★
34.3%

Today's Daily Dose

Word Ladder
ING Words

Get the Picture
Nearest Volcano

From the Vault

Click the Food in the Movie Quotes II

by lolshortee

Movies 5m
You're not not allowed to watch any of these movies without these foods.
Remove Ads.
Support Sporcle.
Get the best of Sporcle when you Go Orange. This ad-free experience offers more features, more stats, and more fun while also helping to support Sporcle. Thank you for becoming a member.

Show Comments

Extras

Top Quizzes Today


Score Distribution

Your Account Isn't Verified!

In order to create a playlist on Sporcle, you need to verify the email address you used during registration. Go to your Sporcle Settings to finish the process.

Report this User

Report this user for behavior that violates our Community Guidelines.

Details: